000 00329nam a22001337a 4500
008 171202b xxu||||| |||| 00| 0 eng d
020 _a490492001
041 _aeng
080 _a37
100 _a46
101 _aEDU
245 _aA MANUAL FOR WRITERS OF TERM PAPER, THESES, AND DISSERTATIONS
_cTURABIAN, K.L
942 _2udc
_cBK
999 _c38722
_d38722